Teams Lionel Messi hasn't scored against - Statistics

General Stats
  • This quiz has been taken 66 times
    63 since last reset
  • The average score is 8 of 37
Answer Stats
Matches Answer Country % Correct
4 Inter Milan Italy
81%
2 Benfica Portugal
69%
1 Marseille France
64%
1 Lille France
47%
1 Monaco France
42%
1 Japan AFC
27%
4 Rubin Kazan Russia
27%
1 Lens France
25%
1 Rennes France
25%
1 Russia UEFA
22%
1 Belgium UEFA
20%
1 Costa Rica CONCACAF
20%
1 Nice France
20%
1 Reims France
20%
1 Sweden UEFA
20%
1 Australia AFC
19%
1 Greece UEFA
19%
1 Jamaica CONCACAF
19%
1 Saint-Étienne France
19%
1 Iceland UEFA
17%
2 Netherlands UEFA
15%
1 Norway UEFA
15%
1 South Korea AFC
15%
1 Al-Sadd Qatar
14%
1 Republic of Ireland UEFA
14%
1 Romania UEFA
14%
1 Honduras CONCACAF
12%
1 Lorient France
12%
1 Udinese Italy
12%
1 Trinidad and Tobago CONCACAF
10%
1 Saudi Arabia AFC
8%
2 Qatar AFC
7%
1 Nicaragua CONCACAF
5%
2 Xerez Spain
5%
1 Angola CAF
2%
1 Murcia Spain
0%
1 UDA Gramenet Spain
0%
No matching quizzes found
Score Distribution
Percent of People with Each Score
Percentile by Number Answered
Your Score History
You have not taken this quiz since the last reset